Yüklüyor......

Enterprising women: expanding economic opportunities in Africa

Detaylı Bibliyografya
Yazar: Hallward, Mary
Baskı/Yayın Bilgisi: World bank 2013
LEADER 00220 a2200085 4500
100 |a Hallward, Mary 
245 |a Enterprising women: expanding economic opportunities in Africa 
260 |c 2013  |b World bank 
942 |c BK  |6 _ 
999 |c 67301  |d 67301